000 00919nam a22002777a 4500
001 BR8903466
003 BR-BrBNA
005 20230928093250.0
007 ta
008 230509b bl.||||| |||| 00| 0 por d
040 _aBR-BrBNA
_bpor
_cBiblioteca Nacional de Agricultura
041 _a(Por)
072 _aL01
_b5214
_b9410
_b/G514
090 _ 5214 BR8903466
100 1 _aMarinho, J.S.
110 1 _aEscola Superior de Agricultura de Lavras, MG (Brasil)
_0Tese (Mestrado)
245 1 _aCausas de variacao que atuam sobre a producao de leite no rebanho gir do campo experimental "Joao Pessoa", em Umbuzeiro - Paraiba
260 3 _aLavras, MG (Brasil):
_c1988.
300 _a63 p.
500 _aSummaries (Eng, Por); Bibliography p. 51-63 (74 ref.); 9 tables; 7 illus.
650 _aGADO GIR
650 _aPRODUCAO LEITEIRA
650 _aUMBUZEIRO
909 _a202309
_bLucia
_c55
_dLucia Elande
942 _cBK
999 _c43970
_d43970